00552nam a2200181 a 4500008004100000020001800041050002000059100001700079245008200096260004200178300002000220350000900240490001900249650000900268650004900277700002300326700002100349110331s2010 ||||||||||||||||| || u a9781779221100 aHD 1333.Z55 Afr aScoones, Ian10aZimbabwe's land reform: myths and realitiescby Ian Scoones..... [and others] aAvondale, Harare:bWeaver Pressc2010 axv, 288p.: ill. a0.00 aAfrican issues aLAND aLAND REFORM--ZIMBABWE--HISTORY--21ST CENTURY aMavedzenge, Blasio aMarongwe, Nelson